| 000 | 00858nam a2200301Ia 4500 | ||
|---|---|---|---|
| 008 | 171120s9999 xx 000 0 und d | ||
| 020 | _a74605744X | ||
| 050 | _a910.3 | ||
| 050 | _bD655 2001 | ||
| 100 | _aDoherty, Gillian | ||
| 245 | 4 | _aThe Usborne internet-linked encyclopedia of world geography with complete world atlas / | |
| 245 | _cby Gillian Doherty, Anna Claybourne and Susanna Davidson. | ||
| 260 | _aTulsa, OK : | ||
| 260 | _bEDC Pub., | ||
| 260 | _c2001 | ||
| 300 | _a400 pages : | ||
| 300 | _bcolored illustrations ; | ||
| 300 | _c28cm. | ||
| 500 | _aIncludes glossary and index. | ||
| 650 | _aGeography -- | ||
| 650 | _aHuman geography -- | ||
| 650 | _aWorld atlas. | ||
| 650 | _xEncyclopedias. | ||
| 650 | _xMaps for students. | ||
| 700 | _aClaybourne, Anna. | ||
| 700 | _aDavidson, Susanna. | ||
| 700 | _aTitle. | ||
| 999 |
_c345037 _d345037 |
||